| 000 | 00417nam a2200133Ia 4500 | ||
|---|---|---|---|
| 003 | GCL | ||
| 008 | 140319s9999 xx 000 0 ara d | ||
| 040 |
_aGCL / _cGCL |
||
| 082 | 0 | 4 |
_a214.3 _bم ج |
| 245 | 1 | 0 | _aالفجوة المفتعلة بين العلم والدين |
| 260 |
_a[S.N] : _bمنشورات دار مكتبة الحياه |
||
| 300 | _a159 ص | ||
| 490 |
_aسلسلة الابحاث الاسلامية _v0 |
||
| 999 |
_c54987 _d54987 |
||